Départements et régions d'outre-mer - Statistiques

Statistiques générales
  • Ce quiz a été pris 134 fois
  • Le résultat moyen est 5 sur 5
Statistiques - réponses
Chef-lieu Nom % Correct
Saint-Denis La Réunion
97%
Fort-de-France Martinique
95%
Basse-Terre Guadeloupe
94%
Mamoudzou Mayotte
94%
Cayenne Guyane
93%
Aucun quiz correspondant
Distribution des résultats
% des personnes avec chaque résultat
Percentile par nombre de réponses
Votre historique - résultats
Vous n’avez pas pris ce quiz